000 00300 a2200145 4500
001 172050
020 _a
040 _cMagnum
100 _aCony, Carlos Heitor
240 1 0 _aLuciana saudade
_lpor
245 1 0 _aLuciana saudade
362 0 _a1899
697 _aJ/ADOLESCENTE, NAMORO
942 _cBK
999 _c172050
_d172050